ANANTHANARAYAN AND PANIKIR'S TEXTBOOK OF MICROBIOLOGY (Record no. 8408)

MARC details
000 -LEADER
fixed length control field 00472nam a22001817a 4500
005 - DATE AND TIME OF LATEST TRANSACTION
control field 20230821120907.0
008 - FIXED-LENGTH DATA ELEMENTS--GENERAL INFORMATION
fixed length control field 230818b |||||||| |||| 00| 0 eng d
020 ## - INTERNATIONAL STANDARD BOOK NUMBER
ISBN 978-93-93330-01-7
041 ## - LANGUAGE CODE
Language code of text/sound track or separate title eng
082 ## - DEWEY DECIMAL CLASSIFICATION NUMBER
Classification number 616.01 KAN-A
100 ## - MAIN ENTRY--AUTHOR NAME
Personal name KANUNGO, REBA
245 ## - TITLE STATEMENT
Title ANANTHANARAYAN AND PANIKIR'S TEXTBOOK OF MICROBIOLOGY
250 ## - EDITION STATEMENT
Edition statement 12TH, ED. 2022
260 ## - PUBLICATION, DISTRIBUTION, ETC. (IMPRINT)
Place of publication HYDERABAD
Name of publisher UNIVERSITY PRESS
Year of publication 2022
300 ## - PHYSICAL DESCRIPTION
Number of Pages 658;P
650 ## - SUBJECT ADDED ENTRY--TOPICAL TERM
Topical Term BPT
942 ## - ADDED ENTRY ELEMENTS (KOHA)
Koha item type Books
Holdings
Lost status Damaged status Home library Current library Shelving location Date acquired Source of acquisition Cost, normal purchase price Full call number Accession Number Koha item type Collection code
    JRU Library JRU Library SHELF-38-A 05/08/2023 PURCHASE [LBI] 1250.00 616.01 27958 Books  
    JRU Library JRU Library SHELF-104-D 05/08/2023 PURCHASE [LBI] 1250.00 616.01 27959 Books PARAMEDICAL
    JRU Library JRU Library SHELF-104-D 05/08/2023 PURCHASE [LBI] 1250.00 616.01 27960 Books